00237 2200109 4500245003500000250001100035100001800046650001600064005001900080041001400099084001400113 aBAHASA & KESENIAN BETAWIhText aCet. 1 aNazwa Assyifa aKarya Siswa a20250424101617 aIndonesia a081 NAZ b